000 00433nam a22001457a 4500
999 _c9453
_d9453
003 OSt
005 20210623111747.0
008 210623b ||||| |||| 00| 0 eng d
020 _a9781584657880
082 _a726.30974811
100 _aSolomon, Susan G.
245 _aLouis I. Kahn's Jewish architecture : Mikveh Israel and the midcentury American synagogue
260 _aLandon
_buniversity press of new england
_c2009
942 _2ddc